<?xml version="1.0" encoding="UTF-8"?>
<record
    xmlns:xsi="http://www.w3.org/2001/XMLSchema-instance"
    xsi:schemaLocation="http://www.loc.gov/MARC21/slim http://www.loc.gov/standards/marcxml/schema/MARC21slim.xsd"
    xmlns="http://www.loc.gov/MARC21/slim">

  <leader>00539nam a22001817a 4500</leader>
  <controlfield tag="003">OSt</controlfield>
  <controlfield tag="005">20250420105504.0</controlfield>
  <controlfield tag="008">250420b        |||||||| |||| 00| 0 eng d</controlfield>
  <datafield tag="020" ind1=" " ind2=" ">
    <subfield code="a">N/A</subfield>
  </datafield>
  <datafield tag="040" ind1=" " ind2=" ">
    <subfield code="c">.</subfield>
  </datafield>
  <datafield tag="082" ind1=" " ind2=" ">
    <subfield code="a">327.73056 S313 2003</subfield>
  </datafield>
  <datafield tag="100" ind1=" " ind2=" ">
    <subfield code="a">&#x633;&#x628;&#x639;&#x627;&#x646; , &#x635;&#x627;&#x644;&#x62D; &#x628;&#x646; &#x639;&#x628;&#x62F;&#x627;&#x644;&#x631;&#x62D;&#x645;&#x646; &#x628;&#x646; </subfield>
  </datafield>
  <datafield tag="245" ind1=" " ind2=" ">
    <subfield code="a">&#x646;&#x62D;&#x646; &#x648;&#x623;&#x645;&#x631;&#x64A;&#x643;&#x627; : </subfield>
    <subfield code="b">&#x642;&#x631;&#x627;&#x621;&#x629; &#x646;&#x642;&#x62F;&#x64A;&#x629; &#x641;&#x64A;&#x645;&#x627; &#x62A;&#x646;&#x627;&#x62B;&#x631; &#x645;&#x646; &#x62A;&#x627;&#x631;&#x64A;&#x62E;/</subfield>
  </datafield>
  <datafield tag="250" ind1=" " ind2=" ">
    <subfield code="a">&#x637;1</subfield>
  </datafield>
  <datafield tag="260" ind1=" " ind2=" ">
    <subfield code="b">&#x62F;&#x645;&#x634;&#x642; , &#x645;&#x637;&#x628;&#x639;&#x629; &#x62F;&#x627;&#x631; &#x639;&#x643;&#x631;&#x645;&#x629; , 2003</subfield>
  </datafield>
  <datafield tag="300" ind1=" " ind2=" ">
    <subfield code="a">125 &#x635;</subfield>
    <subfield code="c">20 &#x633;&#x645;</subfield>
  </datafield>
  <datafield tag="942" ind1=" " ind2=" ">
    <subfield code="2">ddc</subfield>
    <subfield code="c">BK-AR</subfield>
    <subfield code="n">0</subfield>
  </datafield>
  <datafield tag="999" ind1=" " ind2=" ">
    <subfield code="c">7761</subfield>
    <subfield code="d">7761</subfield>
  </datafield>
  <datafield tag="952" ind1=" " ind2=" ">
    <subfield code="0">0</subfield>
    <subfield code="1">0</subfield>
    <subfield code="2">ddc</subfield>
    <subfield code="4">0</subfield>
    <subfield code="7">0</subfield>
    <subfield code="a">KHOBAR</subfield>
    <subfield code="b">KHOBAR</subfield>
    <subfield code="d">2025-04-20</subfield>
    <subfield code="l">0</subfield>
    <subfield code="o">327.73056 S313 2003</subfield>
    <subfield code="p">1000000034875</subfield>
    <subfield code="r">2025-04-20 10:55:44</subfield>
    <subfield code="w">2025-04-20</subfield>
    <subfield code="y">BK-AR</subfield>
  </datafield>
</record>
